000 00609nam a22001935i 4500
001 68631
003 ES-MaACL
005 20250805064135.0
007 t|
008 960812s1843 fr ||||1| fre d
040 _aCAM
_bspa
_cCAM
100 1 _aGautier, Théophile,
_d1811-1872
_9170960
245 1 0 _aVoyage en Espagne
_b: tra los montes /
_cpar Théophile Gautier.
260 _aParis :
_bG. Charpentier et Cie.,
_c[1843] (
_fimp. Tolmer et Cie.)
300 _a[6], 378 p. ;
_c19 cm.
651 4 _aEspaña-
_xDescripción-
_yS.XIX.
_98185
852 _aES-MaACL
_jC-976
999 _c68631
_d68631